| 000 | 00671nam a2200205Ia 4500 | ||
|---|---|---|---|
| 999 |
_c10809 _d10809 |
||
| 082 | _aTT.0017 | ||
| 100 | _aTripathi, Narendra Kumar Mani | ||
| 245 | 0 | _aApproval motive as a factor in some psychological processes : An experimental study | |
| 260 |
_c1980 _bUniversity of Gorakhpur |
||
| 300 | _a172p. | ||
| 650 | _aSOCIAL ADJUSTMENT///SOCIAL ACCEPTANCE | ||
| 650 | _aAPPROVAL, SOCIAL//SOCIAL ACCEPTANCE | ||
| 650 | _aMOTIVATION (PSYCHOLOGY) | ||
| 650 | _aSOCIAL ACCEPTANCE | ||
| 650 | _aACCEPTANCE, SOCIAL//SOCIAL ACCEPTANCE | ||
| 650 | _aNEED (PSYCHOLOGY) | ||
| 650 | _aSOCIAL INTERACTION///SOCIAL ACCEPTANCE | ||
| 710 | _aTripathi, L.B. | ||
| 942 |
_cTH _2ddc |
||